Management Information Systems / Conceptual Foundations, Structure and Development: Second Edition (Record no. 999)
[ view plain ]
| 000 -LEADER | |
|---|---|
| fixed length control field | 02582cam a22002294a 4500 |
| 005 - ΗΜΕΡΟΜΗΝΙΑ ΚΑΙ ΩΡΑ ΤΕΛΕΥΤΑΙΑΣ ΕΝΗΜΕΡΩΣΗΣ | |
| Πεδίο ελέγχου | 20250605163952.0 |
| 008 - FIXED-LENGTH DATA ELEMENTS--GENERAL INFORMATION | |
| Πεδίο ελέγχου σταθερού μήκους | 250528s ||||||||||||||||||||||||d |
| 035 ## - SYSTEM CONTROL NUMBER | |
| System control number | 15417 |
| 020 ## - ISBN | |
| ISBN | 007066241X |
| 040 ## - ΠΗΓΗ ΚΑΤΑΛΟΓΟΓΡΑΦΗΣΗΣ | |
| Φορέας πρωτότυπης καταλογογράφησης | MC Athens Campus Library |
| Γλώσσα καταλογογράφησης | Ελληνικά, Μοντέρνα (1453-) |
| Modifying agency | MC Athens Campus Library |
| Κανόνες περιγραφικής καταλογογράφησης | AACR2 |
| 245 1# - ΤΙΤΛΟΣ ΚΑΙ ΔΗΛΩΣΗ ΥΠΕΥΘΥΝΟΤΗΤΑΣ | |
| Τίτλος | Management Information Systems / Conceptual Foundations, Structure and Development: Second Edition |
| 250 ## - EDITION STATEMENT | |
| Edition statement | 2nd |
| 260 ## - PUBLICATION, DISTRIBUTION, ETC. | |
| Name of publisher, distributor, etc. | Mcgraw Hill Book Company, |
| Date of publication, distribution, etc. | 1985 |
| 300 ## - PHYSICAL DESCRIPTION | |
| Extent | 694 |
| 505 0# - FORMATTED CONTENTS NOTE | |
| Formatted contents note | Preface, Introduction to Management Information Systems, Structure of a Management Information System, Survey of Information Systems Technology, Hardware and Software and Communications Technology for Information Systems, Storage and Retrieval of Data, Transaction Processing and Office Automation and Information Processing Control Functions, Conceptual Foundations, The Decision-Making Process, Concepts of Information, Humans as Information Processors, System Concepts, Concepts of Planning and Control, Organizational Structure and Management Concepts, Information-Based Support Systems, Support Systems for Planning and Control and Decision Making, Support Systems for Management of Knowledge Work, Information System Requirements, Developing a Long-Range Information System Plan, Strategies for the Determination of Information Requirements, Database Requirements, User Interface Requirements, Development and Implementation and Management of Information System Resources, Index. |
| 520 ## - SUMMARY, ETC. | |
| Summary, etc. | Preface, Introduction to Management Information Systems, Structure of a Management Information System, Survey of Information Systems Technology, Hardware and Software and Communications Technology for Information Systems, Storage and Retrieval of Data, Transaction Processing and Office Automation and Information Processing Control Functions, Conceptual Foundations, The Decision-Making Process, Concepts of Information, Humans as Information Processors, System Concepts, Concepts of Planning and Control, Organizational Structure and Management Concepts, Information-Based Support Systems, Support Systems for Planning and Control and Decision Making, Support Systems for Management of Knowledge Work, Information System Requirements, Developing a Long-Range Information System Plan, Strategies for the Determination of Information Requirements, Database Requirements, User Interface Requirements, Development and Implementation and Management of Information System Resources, Index. |
| 700 1# - ΠΡΟΣΘΕΤΗ ΑΝΑΓΡΑΦΗ--ΦΥΣΙΚΟ ΠΡΟΣΩΠΟ | |
| Personal name | Davis Gordon B |
| 9 (RLIN) | 1340 |
| 700 1# - ΠΡΟΣΘΕΤΗ ΑΝΑΓΡΑΦΗ--ΦΥΣΙΚΟ ΠΡΟΣΩΠΟ | |
| Personal name | Olson Margrethe H |
| 9 (RLIN) | 1341 |
| 942 ## - ADDED ENTRY ELEMENTS (KOHA) | |
| Koha item type | Books |
| Τύπος τεκμηρίου | Βιβλιοθήκη | Τρέχουσα τοποθεσία | Barcode | Αριθμός εισαγωγής | Ημερομηνία απόκτησης | Ταξιθετικό σύμβολο | Αριθμός αντιτύπου | Κατάσταση απόσυρσης | Κατάσταση χαμένου | Κατάσταση κατεστραμμένου | Μη δανεισμός | Σύνολο δανεισμών | Ημερομηνία τελευταίας εμφάνισης | Η τιμή ισχύει από |
|---|---|---|---|---|---|---|---|---|---|---|---|---|---|---|
| Books | MC Athens Campus Library | MC Athens Campus Library | 9780000009982 | 1756 | 05/06/2025 | 658.4/038 DAV | 1 | 05/06/2025 | 05/06/2025 |